00672nam a2200193 a 450000100100000000500170001000800410002702000150006804000250008308200200010810000280012824500910015626000500024730000200029750400490031750000620036665000240042865000260045200002455920200930023234.0110131s1995 ck r 000 p spa d a9589562779 aDO-SdBNPbspacBNPHU aCo861.44bP438d1 aPérez López, Rafael10aDécimas :bla chamaría, ave canora, trinar del amanecer /cRafael Pérez López. aMontería, (Colombia) :bDomus Libri,c1995. a95 p. ;c21 cm. aIncluye referencias bibliográficas (p. 12) aIncluye datos del autor en la solapa de la contracubierta 4aPoesía colombiana 4aLiteratura colombiana